<?xml version="1.0" encoding="UTF-8"?>
<record
    xmlns:xsi="http://www.w3.org/2001/XMLSchema-instance"
    xsi:schemaLocation="http://www.loc.gov/MARC21/slim http://www.loc.gov/standards/marcxml/schema/MARC21slim.xsd"
    xmlns="http://www.loc.gov/MARC21/slim">

  <leader>03361njm a2200517Ia 4500</leader>
  <controlfield tag="001">B2685</controlfield>
  <controlfield tag="003">IT-RoPAU</controlfield>
  <controlfield tag="005">20220918181115.0</controlfield>
  <controlfield tag="008">131025s9999    xx            000 0 und d</controlfield>
  <datafield tag="040" ind1=" " ind2=" ">
    <subfield code="a">IT-RoPAU</subfield>
  </datafield>
  <datafield tag="040" ind1=" " ind2=" ">
    <subfield code="c">IT-RoPAU</subfield>
  </datafield>
  <datafield tag="041" ind1=" " ind2=" ">
    <subfield code="a">INGLESE</subfield>
  </datafield>
  <datafield tag="999" ind1=" " ind2=" ">
    <subfield code="c">99327</subfield>
    <subfield code="d">99327</subfield>
  </datafield>
  <datafield tag="999" ind1=" " ind2=" ">
    <subfield code="b">n.d.</subfield>
  </datafield>
  <datafield tag="100" ind1=" " ind2=" ">
    <subfield code="a">AA.VV.</subfield>
    <subfield code="9">794</subfield>
  </datafield>
  <datafield tag="100" ind1=" " ind2=" ">
    <subfield code="e">Autore musica</subfield>
    <subfield code="9">28782</subfield>
  </datafield>
  <datafield tag="100" ind1=" " ind2=" ">
    <subfield code="g">Codice autore musica SPICS: 12000</subfield>
    <subfield code="9">796</subfield>
  </datafield>
  <datafield tag="245" ind1=" " ind2=" ">
    <subfield code="a">Illusions</subfield>
  </datafield>
  <datafield tag="250" ind1=" " ind2=" ">
    <subfield code="a">1a ed.</subfield>
  </datafield>
  <datafield tag="260" ind1=" " ind2=" ">
    <subfield code="a">LONDON</subfield>
  </datafield>
  <datafield tag="260" ind1=" " ind2=" ">
    <subfield code="b">DECCA RECORD COMPANY</subfield>
    <subfield code="c">1992 [1a Ed.:1992 - Ed. Lingua Orig.: 1992]</subfield>
  </datafield>
  <datafield tag="300" ind1=" " ind2=" ">
    <subfield code="a">COMPACT DISC</subfield>
  </datafield>
  <datafield tag="300" ind1=" " ind2=" ">
    <subfield code="c">64 minuti (Testo: 0 pag.)</subfield>
  </datafield>
  <datafield tag="500" ind1=" " ind2=" ">
    <subfield code="a">Musica pop.</subfield>
  </datafield>
  <datafield tag="505" ind1=" " ind2=" ">
    <subfield code="a">Want To Buy Some Illusions (3:00) - Ich Bin Die Fesche Lola/They Call Me Naughty Lola (3:00) - Les feuilles mortes (6:00) - Padam (6:00) - Elle frequentait la Rue Pigalle (6:00) - Ich Bin Von Kopf Bis Fuss Aud Liebe Eingestellt/Falling In Love Again (7:00) - Black Market (5:00) - T'es Beau, Tu Sais (5:00) - Jonny, Wenn Du Geburstag Hast (5:00) - L'accordeoniste (5:00) - 'Round Midnight (7:00) - La vie en rose (4:00) - Non, Je Ne Regrette Rien (5:00) - Want To Buy Some Illusions (4:00)</subfield>
  </datafield>
  <datafield tag="650" ind1=" " ind2=" ">
    <subfield code="a">POP [COMPACT DISC]</subfield>
    <subfield code="e">Codice MATERIA SPICS: 9949</subfield>
    <subfield code="9">10570</subfield>
  </datafield>
  <datafield tag="700" ind1=" " ind2=" ">
    <subfield code="a">Lemper U.</subfield>
    <subfield code="g">Codice interprete SPICS: 33999</subfield>
    <subfield code="e">Interprete</subfield>
    <subfield code="9">28783</subfield>
  </datafield>
  <datafield tag="700" ind1=" " ind2=" ">
    <subfield code="a">Hollaender Frederick</subfield>
    <subfield code="g">Codice autore musica SPICS: 21440</subfield>
    <subfield code="e">Autore musica</subfield>
    <subfield code="p">Want To Buy Some Illusions - Ich Bin Die Fesche Lola/They Call Me Naughty Lola - Ich Bin Von Kopf Bis Fuss Aud Liebe Eingestellt/Falling In Love Again - Black Market - Jonny, Wenn Du Geburstag Hast</subfield>
    <subfield code="9">28784</subfield>
  </datafield>
  <datafield tag="700" ind1=" " ind2=" ">
    <subfield code="a">Leibmann</subfield>
    <subfield code="g">Codice autore SPICS: 38121</subfield>
    <subfield code="e">Autore</subfield>
    <subfield code="p">Ich Bin Die Fesche Lola/They Call Me Naughty Lola</subfield>
    <subfield code="9">28785</subfield>
  </datafield>
  <datafield tag="700" ind1=" " ind2=" ">
    <subfield code="a">Kosma Joseph</subfield>
    <subfield code="g">Codice autore musica SPICS: 15815</subfield>
    <subfield code="e">Autore musica</subfield>
    <subfield code="p">Les feuilles mortes</subfield>
    <subfield code="9">28786</subfield>
  </datafield>
  <datafield tag="700" ind1=" " ind2=" ">
    <subfield code="a">Prevert Jacques</subfield>
    <subfield code="g">Codice autore SPICS: 2341</subfield>
    <subfield code="e">Autore</subfield>
    <subfield code="p">Les feuilles mortes</subfield>
    <subfield code="9">28787</subfield>
  </datafield>
  <datafield tag="700" ind1=" " ind2=" ">
    <subfield code="a">Glanzberg N.</subfield>
    <subfield code="g">Codice autore musica SPICS: 15598</subfield>
    <subfield code="e">Autore musica</subfield>
    <subfield code="p">Padam</subfield>
    <subfield code="9">28788</subfield>
  </datafield>
  <datafield tag="700" ind1=" " ind2=" ">
    <subfield code="a">Contet</subfield>
    <subfield code="g">Codice autore SPICS: 26029</subfield>
    <subfield code="e">Autore</subfield>
    <subfield code="p">Padam - T'es Beau, Tu Sais</subfield>
    <subfield code="9">28789</subfield>
  </datafield>
  <datafield tag="700" ind1=" " ind2=" ">
    <subfield code="a">Maitrier</subfield>
    <subfield code="g">Codice autore musica SPICS: 38122</subfield>
    <subfield code="e">Autore musica</subfield>
    <subfield code="p">Elle frequentait la Rue Pigalle</subfield>
    <subfield code="9">28790</subfield>
  </datafield>
  <datafield tag="700" ind1=" " ind2=" ">
    <subfield code="a">Asso</subfield>
    <subfield code="g">Codice autore SPICS: 26028</subfield>
    <subfield code="e">Autore</subfield>
    <subfield code="p">Elle frequentait la Rue Pigalle</subfield>
    <subfield code="9">28791</subfield>
  </datafield>
  <datafield tag="700" ind1=" " ind2=" ">
    <subfield code="a">Connelly</subfield>
    <subfield code="g">Codice autore SPICS: 24624</subfield>
    <subfield code="e">Autore</subfield>
    <subfield code="p">Ich Bin Von Kopf Bis Fuss Aud Liebe Eingestellt/Falling In Love Again</subfield>
    <subfield code="9">28792</subfield>
  </datafield>
  <datafield tag="700" ind1=" " ind2=" ">
    <subfield code="a">Moustaki Joseph (Georges M.)</subfield>
    <subfield code="g">Codice autore SPICS: 18040</subfield>
    <subfield code="e">Autore</subfield>
    <subfield code="p">T'es Beau, Tu Sais</subfield>
    <subfield code="9">28793</subfield>
  </datafield>
  <datafield tag="700" ind1=" " ind2=" ">
    <subfield code="a">Emer</subfield>
    <subfield code="g">Codice autore musica SPICS: 26030</subfield>
    <subfield code="e">Autore musica</subfield>
    <subfield code="p">L'accordeoniste</subfield>
    <subfield code="9">28794</subfield>
  </datafield>
  <datafield tag="700" ind1=" " ind2=" ">
    <subfield code="a">Hanighen</subfield>
    <subfield code="g">Codice autore musica SPICS: 24641</subfield>
    <subfield code="e">Autore musica</subfield>
    <subfield code="p">'Round Midnight</subfield>
    <subfield code="9">28795</subfield>
  </datafield>
  <datafield tag="700" ind1=" " ind2=" ">
    <subfield code="a">Williams</subfield>
    <subfield code="g">Codice autore SPICS: 20150</subfield>
    <subfield code="e">Autore</subfield>
    <subfield code="p">'Round Midnight</subfield>
    <subfield code="9">24284</subfield>
  </datafield>
  <datafield tag="700" ind1=" " ind2=" ">
    <subfield code="a">Monk Thelonious</subfield>
    <subfield code="g">Codice autore testo/musica SPICS: 10795</subfield>
    <subfield code="e">Autore testo/musica</subfield>
    <subfield code="p">'Round Midnight</subfield>
    <subfield code="9">28796</subfield>
  </datafield>
  <datafield tag="700" ind1=" " ind2=" ">
    <subfield code="a">Louiguy</subfield>
    <subfield code="g">Codice autore musica SPICS: 27137</subfield>
    <subfield code="e">Autore musica</subfield>
    <subfield code="p">La vie en rose</subfield>
    <subfield code="9">28797</subfield>
  </datafield>
  <datafield tag="700" ind1=" " ind2=" ">
    <subfield code="a">Piaf Edith</subfield>
    <subfield code="g">Codice autore SPICS: 11566</subfield>
    <subfield code="e">Autore</subfield>
    <subfield code="p">La vie en rose</subfield>
    <subfield code="9">28798</subfield>
  </datafield>
  <datafield tag="700" ind1=" " ind2=" ">
    <subfield code="a">Dumont</subfield>
    <subfield code="g">Codice autore musica SPICS: 15898</subfield>
    <subfield code="e">Autore musica</subfield>
    <subfield code="p">Non, Je Ne Regrette Rien</subfield>
    <subfield code="9">28799</subfield>
  </datafield>
  <datafield tag="700" ind1=" " ind2=" ">
    <subfield code="a">Vaucaire</subfield>
    <subfield code="g">Codice autore SPICS: 16055</subfield>
    <subfield code="e">Autore</subfield>
    <subfield code="p">Non, Je Ne Regrette Rien</subfield>
    <subfield code="9">28800</subfield>
  </datafield>
  <datafield tag="942" ind1=" " ind2=" ">
    <subfield code="c">CD</subfield>
    <subfield code="2">ddc</subfield>
  </datafield>
  <datafield tag="952" ind1=" " ind2=" ">
    <subfield code="0">0</subfield>
    <subfield code="1">0</subfield>
    <subfield code="4">0</subfield>
    <subfield code="6">B_2685_000000000000000</subfield>
    <subfield code="7">1</subfield>
    <subfield code="a">SPICS</subfield>
    <subfield code="b">SPICS</subfield>
    <subfield code="d">2013-10-25</subfield>
    <subfield code="l">0</subfield>
    <subfield code="o">B2685</subfield>
    <subfield code="r">2013-10-25 00:00:00</subfield>
    <subfield code="w">2013-10-25</subfield>
    <subfield code="y">CD</subfield>
    <subfield code="z">Progr. Ins.: 551 / N.Vol.: 1 / Copie: 1 - Copia rara: n.d. / date import: 01.01.2014 - By Epidotti, Trombetti, Vaglietti</subfield>
  </datafield>
</record>
